000 01248nam a2200325 a 4500
001 000111353
003 CHAP
005 20220329144207.0
008 150330s2014 mx a fsm |||||||spa d
010 _a107815
011 _a108787
040 _cCHAP
090 _aTesis
100 1 _aPérez Salinas, Jesús Emmanuel
_9129211
245 1 0 _aElaboración y evaluación de procedimiento de operación estandar (POEs) en nochebuena (Euphorbia pulcherrima)
_h[En línea]
_cpor Jesús Emmanuel Pérez Salinas.
260 _aChapingo, Méx. :
_bEl autor,
_c2014.
500 _aPara ver el contenido del material haga clic en la liga
502 _aTesis (Ing. Agr. en Sistemas Agrícolas) -- UACH. Unidad Regional Universitaria de Zonas Áridas
590 _aE5995AHE
_b05
_c20150330
_lUCH01
_h0953
590 _aE5995AHE
_b05
_c20150330
_lUCH01
_h0954
590 _aE5995AHE
_b05
_c20150330
_lUCH01
_h0958
590 _aE5995AHE
_b05
_c20150414
_lUCH01
_h1302
650 1 4 _aFlor de nochebuena
_xCalidad.
_941305
650 1 4 _aFlor de nochebuena
_xCostos de producción.
_941306
650 1 4 _aFlores
_xRendimiento.
_941407
856 _aFinding aid
_uhttp://10.13.5.2/tesis/sist111353.pdf
_zTeclea aquí
901 _aBK
942 _cTESIS
942 _n0
999 _c107815
_d107815